<?xml version="1.0" encoding="UTF-8"?>
<record
    xmlns:xsi="http://www.w3.org/2001/XMLSchema-instance"
    xsi:schemaLocation="http://www.loc.gov/MARC21/slim http://www.loc.gov/standards/marcxml/schema/MARC21slim.xsd"
    xmlns="http://www.loc.gov/MARC21/slim">

  <leader>02238    a2200265   4500</leader>
  <controlfield tag="001">44878</controlfield>
  <controlfield tag="005">20260407155723.0</controlfield>
  <controlfield tag="008">260407a1997    arg                 spa d</controlfield>
  <controlfield tag="003">AR-UNSa-BCEJYS</controlfield>
  <datafield tag="040" ind1=" " ind2=" ">
    <subfield code="a">AR-UNSa-BCEJYS</subfield>
    <subfield code="b">spa</subfield>
    <subfield code="c">AR-UNSa-BCEJYS</subfield>
  </datafield>
  <datafield tag="080" ind1=" " ind2=" ">
    <subfield code="a">336.13</subfield>
    <subfield code="x">Finanzas del sector p&#xFA;blico</subfield>
  </datafield>
  <datafield tag="245" ind1="1" ind2="0">
    <subfield code="a">La econom&#xED;a del sector p&#xFA;blico</subfield>
  </datafield>
  <datafield tag="020" ind1=" " ind2=" ">
    <subfield code="a">978-84-85855-62-9</subfield>
  </datafield>
  <datafield tag="250" ind1=" " ind2=" ">
    <subfield code="a">2a. ed</subfield>
  </datafield>
  <datafield tag="264" ind1=" " ind2="1">
    <subfield code="a">Barcelona :</subfield>
    <subfield code="b">Antoni Bosch</subfield>
    <subfield code="c">1997</subfield>
  </datafield>
  <datafield tag="300" ind1=" " ind2=" ">
    <subfield code="a">xviii, 825 p.</subfield>
    <subfield code="c">24 cm.</subfield>
  </datafield>
  <datafield tag="505" ind1=" " ind2=" ">
    <subfield code="a">Parte I: Introducci&#xF3;n - 1. El sector p&#xFA;blico en una econom&#xED;a mixta - 2. El sector p&#xFA;blico en Espa&#xF1;a - 3. Justificaci&#xF3;n econ&#xF3;mica de la intervenci&#xF3;n del Estado - 4. Econom&#xED;a del bienestar: eficiencia frente a equidad - Parte II: Teor&#xED;a del gasto p&#xFA;blico - 5. Los bienes p&#xFA;blicos y los bienes privados suministrados por el Estado - 6. La elecci&#xF3;n p&#xFA;blica - 7. Producci&#xF3;n p&#xFA;blica y burocracia - 8. Externalidades - Parte III: Programas de gastos - 9. El an&#xE1;lisis  de la pol&#xED;tica de gasto - 10. An&#xE1;lisis coste-beneficio - 11. La sanidad - 12. La defensa - 13. La seguridad social - 14. Los programas de asistencia social y la redistribuci&#xF3;n de la renta - 15. La educaci&#xF3;n - Parte IV: Los impuestos: Teor&#xED;a - 16. Los impuestos: Introducci&#xF3;n - 17. Qui&#xE9;n paga realmente los impuestos: Su incidencia - 18. Los impuestos y la eficiencia econ&#xF3;mica: El consumo - 19. Los impuestos y la eficiencia econ&#xF3;mica: La oferta de trabajo - 20. Los impuestos &#xF3;ptimos - Parte V: Los impuestos: Pr&#xE1;ctica - 21. El impuesto sobre la renta de las personal f&#xED;sicas - 22. Los impuestos sobrte el capital - 23. El impuesto sobre la renta de las sociedades - 24. Gu&#xED;a del estudiante para eludir el pago de impuestos - 25.La reforma del sistema tributario - Parte VI: Otras cuestiones - 26. La autonom&#xED;a fiscal - 27. Las haciendas y los gastos regionales y municipales - 28. Los d&#xE9;ficit, la estabilidad econ&#xF3;mica y el crecimiento. </subfield>
  </datafield>
  <datafield tag="041" ind1=" " ind2=" ">
    <subfield code="a">spa</subfield>
  </datafield>
  <datafield tag="942" ind1=" " ind2=" ">
    <subfield code="c">BK</subfield>
  </datafield>
  <datafield tag="590" ind1=" " ind2=" ">
    <subfield code="a">niveau_biblio:m niveau_hierar:0</subfield>
  </datafield>
  <datafield tag="100" ind1="1" ind2=" ">
    <subfield code="a">Stiglitz, Joseph E.</subfield>
  </datafield>
  <datafield tag="700" ind1="1" ind2=" ">
    <subfield code="a">Rabasco, Mar&#xED;a Esther</subfield>
  </datafield>
  <datafield tag="700" ind1="1" ind2=" ">
    <subfield code="a">Toharia Cort&#xE9;s, Luis</subfield>
  </datafield>
  <datafield tag="856" ind1="4" ind2="1">
    <subfield code="u">https://www.biblioeco.unsa.edu.ar/pmb/images/libros/L127010.jpg</subfield>
    <subfield code="y">Imagen de portada</subfield>
    <subfield code="q">image/jpeg</subfield>
  </datafield>
  <datafield tag="999" ind1=" " ind2=" ">
    <subfield code="c">3828</subfield>
    <subfield code="d">3828</subfield>
  </datafield>
  <datafield tag="952" ind1=" " ind2=" ">
    <subfield code="0">0</subfield>
    <subfield code="1">0</subfield>
    <subfield code="4">0</subfield>
    <subfield code="7">0</subfield>
    <subfield code="a">BCEJYS</subfield>
    <subfield code="b">BCEJYS</subfield>
    <subfield code="c">16</subfield>
    <subfield code="d">2026-04-07</subfield>
    <subfield code="l">0</subfield>
    <subfield code="o">336.13 S854 2ed.</subfield>
    <subfield code="p">L127010</subfield>
    <subfield code="r">2026-04-07 15:57:23</subfield>
    <subfield code="w">2026-04-07</subfield>
    <subfield code="y">L</subfield>
  </datafield>
  <datafield tag="952" ind1=" " ind2=" ">
    <subfield code="0">0</subfield>
    <subfield code="1">0</subfield>
    <subfield code="4">0</subfield>
    <subfield code="7">0</subfield>
    <subfield code="a">BCEJYS</subfield>
    <subfield code="b">BCEJYS</subfield>
    <subfield code="c">16</subfield>
    <subfield code="d">2026-04-07</subfield>
    <subfield code="l">0</subfield>
    <subfield code="o">336.13 S854 2ed.</subfield>
    <subfield code="p">L128192</subfield>
    <subfield code="r">2026-04-07 15:57:23</subfield>
    <subfield code="w">2026-04-07</subfield>
    <subfield code="y">L</subfield>
  </datafield>
  <datafield tag="952" ind1=" " ind2=" ">
    <subfield code="0">0</subfield>
    <subfield code="1">0</subfield>
    <subfield code="4">0</subfield>
    <subfield code="7">0</subfield>
    <subfield code="a">BCEJYS</subfield>
    <subfield code="b">BCEJYS</subfield>
    <subfield code="c">16</subfield>
    <subfield code="d">2026-04-07</subfield>
    <subfield code="l">0</subfield>
    <subfield code="o">336.13 S854 2ed.</subfield>
    <subfield code="p">L128607</subfield>
    <subfield code="r">2026-04-07 15:57:23</subfield>
    <subfield code="w">2026-04-07</subfield>
    <subfield code="y">L</subfield>
  </datafield>
</record>
